[Event "Karlsruhe Grenke op"]
[Site "Karlsruhe"]
[Date "2024.04.01"]
[Round "9"]
[White "Ben Ari, Yannay"]
[Black "Baranciuc, Alexandr"]
[Result "1/2-1/2"]
[WhiteElo "2434"]
[BlackElo "2336"]
[PlyCount "27"]
[EventDate "2024.03.28"]
[EventType "swiss"]
[EventRounds "9"]
[EventCountry "GER"]
[SourceTitle "CB14_2024"]
[SourceDate "2024.04.01"]
[SourceVersion "1"]
[SourceVersionDate "2024.04.01"]
[SourceQuality "1"]

1. e4 e5 2. Nf3 Nc6 3. Bb5 a6 4. Ba4 d6 5. c3 f5 6. exf5 Bxf5 7. 0-0 Bd3 8. Re1 Be7 9. Re3 e4 10. Ne1 Bg5 11. Rh3 Nf6 12. Nxd3 exd3 13. Rxd3 0-0 14. Bxc6 1/2-1/2

[Event "Karlsruhe Grenke op"]
[Site "Karlsruhe"]
[Date "2024.03.30"]
[Round "5"]
[White "Ben Ari, Yannay"]
[Black "Peil, Christoph"]
[Result "1-0"]
[WhiteElo "2434"]
[BlackElo "2268"]
[PlyCount "110"]
[EventDate "2024.03.28"]
[EventType "swiss"]
[EventRounds "9"]
[EventCountry "GER"]
[SourceTitle "CB14_2024"]
[SourceDate "2024.04.01"]
[SourceVersion "1"]
[SourceVersionDate "2024.04.01"]
[SourceQuality "1"]

1. d4 Nf6 2. Nf3 e6 3. Bf4 b6 4. e3 Bb7 5. Nbd2 Nh5 6. Bg5 Be7 7. Bxe7 Qxe7 8. Bd3 d6 9. c3 Nd7 10. Qc2 f5 11. 0-0-0 0-0-0 12. e4 Nf4 13. exf5 Nxg2 14. Rhg1 Nf4 15. Rde1 e5 16. Kb1 Qf7 17. Ng5 Qh5 18. Ne6 Rdg8 19. Nxf4 exf4 20. Bc4 Nf6 21. Bxg8 Rxg8 22. f3 Nd5 23. Ne4 Ne3 24. Qd3 Qxf3 25. Ng5 Qf2 26. Ne6 Re8 27. Rc1 Bg2 28. a4 a5 29. Ka1 Re7 30. Rge1 Bc6 31. Rg1 Bg2 32. c4 Rd7 33. d5 Kb7 34. Ka2 Qh4 35. Qd4 Nxf5 36. Qxf4 Qxf4 37. Nxf4 Be4 38. Rge1 Re7 39. Ne6 Bf3 40. Rf1 Bg4 41. Rce1 Kc8 42. h3 Bxh3 43. Rh1 Bg2 44. Rxh7 Re8 45. Rh2 Bf3 46. Rf1 Bg4 47. Rf4 Ne3 48. Re4 Bxe6 49. Rxe6 Rxe6 50. dxe6 Kd8 51. Rf2 g5 52. Rf7 Nxc4 53. Rd7+ Kc8 54. Rg7 Kd8 55. Kb3 Ne5 1-0

[Event "Bucharest Grand Prix op"]
[Site "Bucharest"]
[Date "2024.03.24"]
[Round "5"]
[White "Ben Ari, Yannay"]
[Black "Saioc, David"]
[Result "1-0"]
[WhiteElo "2434"]
[BlackElo "2023"]
[PlyCount "73"]
[EventDate "2024.03.23"]
[EventType "swiss (rapid)"]
[EventRounds "10"]
[EventCountry "ROU"]
[SourceTitle "CB13_2024"]
[SourceDate "2024.03.27"]
[SourceVersion "1"]
[SourceVersionDate "2024.03.27"]
[SourceQuality "1"]

1. c4 b6 2. Nc3 Bb7 3. e4 d6 4. d4 Nf6 5. Bd3 g6 6. Be3 Bg7 7. f3 Nbd7 8. Nge2 e5 9. d5 a5 10. Qd2 Nc5 11. Bc2 0-0 12. g4 Bc8 13. h3 Ba6 14. b3 Qd7 15. Ng3 Rab8 16. a4 Rbe8 17. Kf2 Bc8 18. Rag1 c6 19. g5 Nh5 20. Nxh5 gxh5 21. dxc6 Qxc6 22. Nd5 Kh8 23. h4 Re6 24. Nf6 Nd7 25. Nxh5 Bb7 26. Ng3 f6 27. Nf5 Rf7 28. g6 hxg6 29. Rxg6 Nf8 30. Rg4 Bc8 31. Rhg1 Ree7 32. Bh6 Bxf5 33. Bxg7+ Rxg7 34. Qh6+ Bh7 35. Rxg7 Qc5+ 36. Ke2 Ng6 37. Qxh7# 1-0

[Event "Bucharest Grand Prix op"]
[Site "Bucharest"]
[Date "2024.03.24"]
[Round "6"]
[White "Cebotari, Stanislav"]
[Black "Ben Ari, Yannay"]
[Result "0-1"]
[WhiteElo "2075"]
[BlackElo "2434"]
[PlyCount "82"]
[EventDate "2024.03.23"]
[EventType "swiss (rapid)"]
[EventRounds "10"]
[EventCountry "ROU"]
[SourceTitle "CB13_2024"]
[SourceDate "2024.03.27"]
[SourceVersion "1"]
[SourceVersionDate "2024.03.27"]
[SourceQuality "1"]

1. Nf3 Nf6 2. g3 g6 3. Bg2 Bg7 4. 0-0 0-0 5. d3 d5 6. Nbd2 Nc6 7. e4 e5 8. Re1 a5 9. a4 h6 10. c3 Re8 11. Qc2 b6 12. exd5 Nxd5 13. Nc4 Bb7 14. Bd2 Qd7 15. Re2 Re7 16. Rae1 Rae8 17. Qb3 Kh7 18. Nh4 Ba6 19. Na3 Ndb4 20. cxb4 Nd4 21. Qd5 Nxe2+ 22. Rxe2 Bxd3 23. Re1 e4 24. Qxd7 Rxd7 25. bxa5 Bxb2 26. Bc1 Bc3 27. Rd1 bxa5 28. Bh3 Rdd8 29. Ng2 Bb5 30. Rxd8 Rxd8 31. Ne3 Bxa4 32. Bf1 Bb3 33. Bc4 a4 34. Be2 c5 35. Nb5 Bd2 36. Bxd2 Rxd2 37. Bc4 Kg7 38. Kg2 h5 39. h4 Rb2 40. Na3 f5 41. Nd5 Ra2 0-1

[Event "ISR-chT"]
[Site "Israel"]
[Date "2024.02.16"]
[Round "7.14"]
[White "Ben Ari, Yannay"]
[Black "Tifferet, Shaked"]
[Result "0-1"]
[WhiteElo "2437"]
[BlackElo "2307"]
[PlyCount "80"]
[EventDate "2024.01.10"]
[EventType "team-tourn"]
[EventRounds "11"]
[EventCountry "ISR"]
[SourceTitle "CB09_2024"]
[SourceDate "2024.02.28"]
[SourceVersion "1"]
[SourceVersionDate "2024.02.28"]
[SourceQuality "1"]
[WhiteTeam "Ramat Gan Etiod"]
[BlackTeam "Herzliya Haim"]
[WhiteTeamCountry "ISR"]
[BlackTeamCountry "ISR"]

1. c4 e6 2. Nc3 d5 3. d4 Be7 4. Nf3 Nf6 5. g3 0-0 6. Bg2 dxc4 7. Ne5 Nc6 8. Bxc6 bxc6 9. Nxc6 Qe8 10. Nxe7+ Qxe7 11. Qa4 c5 12. dxc5 Qxc5 13. Be3 Qc7 14. 0-0-0 Bd7 15. Qa3 Rfc8 16. f3 a5 17. Rd2 Be8 18. Rhd1 Qb7 19. Bc5 Bc6 20. Rd4 Nd7 21. Be7 Nb6 22. e4 h6 23. Bc5 Nd7 24. Bd6 Bb5 25. g4 Ra6 26. h4 Rac6 27. Qxa5 Rb6 28. Nxb5 Rxb5 29. Qc3 Nb6 30. Ba3 Qa8 31. Rd6 Na4 32. Qd4 Rbb8 33. g5 hxg5 34. Rg1 c3 35. b3 Nb6 36. Bb4 Qxa2 37. Bxc3 Rxc3+ 38. Qxc3 Rc8 39. Rd8+ Rxd8 40. Rxg5 Rc8 0-1

[Event "ISR-chT"]
[Site "Israel"]
[Date "2024.02.10"]
[Round "6.14"]
[White "Gelfand, Boris"]
[Black "Ben Ari, Yannay"]
[Result "1-0"]
[WhiteElo "2664"]
[BlackElo "2437"]
[PlyCount "56"]
[EventDate "2024.01.10"]
[EventType "team-tourn"]
[EventRounds "11"]
[EventCountry "ISR"]
[SourceTitle "CB09_2024"]
[SourceDate "2024.02.28"]
[SourceVersion "1"]
[SourceVersionDate "2024.02.28"]
[SourceQuality "1"]
[WhiteTeam "Rishon Le Zion"]
[BlackTeam "Ramat Gan Etiod"]
[WhiteTeamCountry "ISR"]
[BlackTeamCountry "ISR"]

1. Nf3 d5 2. g3 g6 3. Bg2 Bg7 4. d4 Nf6 5. 0-0 0-0 6. c4 c6 7. Qa4 Nfd7 8. cxd5 Nb6 9. Qd1 cxd5 10. Nc3 Nc6 11. e3 Bf5 12. b3 a5 13. Nh4 Be6 14. a4 f6 15. Ba3 Bf7 16. Nf3 Re8 17. Nb5 Nc8 18. Rc1 N8a7 19. Qe2 Bf8 20. Bc5 b6 21. Ba3 e6 22. Bxf8 Rxf8 23. Nxa7 Nxa7 24. e4 dxe4 25. Qxe4 Rb8 26. Qf4 b5 27. Nd2 bxa4 28. bxa4 Kg7 1-0

[Event "ISR-ch op"]
[Site "Acre"]
[Date "2024.01.28"]
[Round "8"]
[White "Prozhanski, Genrik"]
[Black "Ben Ari, Yannay"]
[Result "0-1"]
[WhiteElo "2229"]
[BlackElo "2417"]
[PlyCount "80"]
[EventDate "2024.01.21"]
[EventType "swiss"]
[EventRounds "9"]
[EventCountry "ISR"]
[SourceTitle "CB05_2024"]
[SourceDate "2024.01.31"]
[SourceVersion "1"]
[SourceVersionDate "2024.01.31"]
[SourceQuality "1"]

1. d4 Nf6 2. c4 e6 3. Nc3 Bb4 4. a3 Bxc3+ 5. bxc3 Nc6 6. f3 b6 7. e4 Ba6 8. Bg5 h6 9. Bh4 Na5 10. e5 g5 11. Bf2 Nh5 12. h4 Nf4 13. hxg5 Bxc4 14. gxh6 Bxf1 15. Kxf1 Qg5 16. g3 Nd5 17. Qd3 Rxh6 18. Rxh6 Qxh6 19. c4 Ne7 20. Qe4 Rd8 21. Be3 Qg7 22. Nh3 Nf5 23. Bf4 Nxg3+ 24. Bxg3 Qxg3 25. Qh7 Ke7 26. Ke2 Rg8 27. Rg1 Qh2+ 28. Kd3 Rf8 29. Rg7 c5 30. Qh4+ Ke8 31. Rh7 Qa2 32. dxc5 Qxa3+ 33. Ke2 Qxc5 34. f4 Qxc4+ 35. Kf2 Nc6 36. Ng5 Nd4 37. Qh5 Qc2+ 38. Kf1 Qc1+ 39. Kg2 Qxf4 40. Rg7 Qxe5 0-1

[Event "ISR-ch op"]
[Site "Acre"]
[Date "2024.01.22"]
[Round "2"]
[White "Levitan, Ronit"]
[Black "Ben Ari, Yannay"]
[Result "0-1"]
[WhiteElo "2101"]
[BlackElo "2417"]
[PlyCount "104"]
[EventDate "2024.01.21"]
[EventType "swiss"]
[EventRounds "9"]
[EventCountry "ISR"]
[SourceTitle "CB05_2024"]
[SourceDate "2024.01.31"]
[SourceVersion "1"]
[SourceVersionDate "2024.01.31"]
[SourceQuality "1"]

1. e4 Nc6 2. Nf3 d6 3. d4 Nf6 4. Nc3 g6 5. h3 Bg7 6. Be3 0-0 7. Be2 a6 8. d5 Na7 9. 0-0 Nb5 10. Nxb5 axb5 11. Nd2 c6 12. c4 bxc4 13. Bxc4 b5 14. Bb3 c5 15. a4 bxa4 16. Rxa4 Rb8 17. Qc2 Bd7 18. Ra7 Ne8 19. Nc4 Bb5 20. Rb1 Nc7 21. Bd2 Ra8 22. Rba1 Rxa7 23. Rxa7 Qb8 24. Ra2 Bd7 25. Ba4 Nb5 26. Bxb5 Bxb5 27. b3 Bd4 28. Kh2 Bxf2 29. Bh6 Bd4 30. Bxf8 Qxf8 31. Qd2 h5 32. Qa5 Bxc4 33. bxc4 Qh6 34. Qd2 Be3 35. Qe1 Qf4+ 36. g3 Qf3 37. Qh1 Qf6 38. Re2 h4 39. Kg2 hxg3 40. Qf1 Qd4 41. Qf3 Bf2 42. Qb3 Qa1 43. Qb8+ Kh7 44. Qf8 Qf6 45. Ra2 Bd4 46. Qc8 Qf4 47. Qg4 Qc1 48. Qe2 Qg1+ 49. Kf3 Bf2 50. Kg4 Qb1 51. Kf3 Qh1+ 52. Kf4 g2 0-1

[Event "ISR-ch op"]
[Site "Acre"]
[Date "2024.01.21"]
[Round "1"]
[White "Ben Ari, Yannay"]
[Black "Selictar, Ori"]
[Result "1-0"]
[WhiteElo "2417"]
[BlackElo "1435"]
[PlyCount "55"]
[EventDate "2024.01.21"]
[EventType "swiss"]
[EventRounds "9"]
[EventCountry "ISR"]
[SourceTitle "CB05_2024"]
[SourceDate "2024.01.31"]
[SourceVersion "1"]
[SourceVersionDate "2024.01.31"]
[SourceQuality "1"]

1. e4 e5 2. Nf3 Nc6 3. Bb5 a6 4. Ba4 Nf6 5. Nc3 b5 6. Bb3 Be7 7. d3 d6 8. a4 b4 9. Nd5 Bg4 10. Be3 Rb8 11. a5 0-0 12. Bc4 Qc8 13. h3 Nxd5 14. Bxd5 Bxf3 15. Qxf3 Nd4 16. Bxd4 exd4 17. 0-0 c6 18. Bc4 Bf6 19. Qg3 d5 20. Bb3 dxe4 21. dxe4 Re8 22. Qd3 g6 23. f4 c5 24. e5 Bg7 25. f5 Rxe5 26. fxg6 hxg6 27. Qxg6 Rb7 28. Bxf7+ 1-0

[Event "ISR-chT"]
[Site "Israel"]
[Date "2024.01.12"]
[Round "2.8"]
[White "Ben Ari, Yannay"]
[Black "Dvoirys, Semen I"]
[Result "1/2-1/2"]
[WhiteElo "2437"]
[BlackElo "2476"]
[PlyCount "100"]
[EventDate "2024.01.10"]
[EventType "team-tourn"]
[EventRounds "11"]
[EventCountry "ISR"]
[SourceTitle "CB09_2024"]
[SourceDate "2024.02.28"]
[SourceVersion "1"]
[SourceVersionDate "2024.02.28"]
[SourceQuality "1"]
[WhiteTeam "Ramat Gan Etiod"]
[BlackTeam "Beer Sheva II"]
[WhiteTeamCountry "ISR"]
[BlackTeamCountry "ISR"]

1. e4 c5 2. Nf3 d6 3. d4 cxd4 4. Nxd4 Nf6 5. Nc3 a6 6. Be3 e5 7. Nf3 Qc7 8. a4 Be7 9. Be2 b6 10. Qd3 Bb7 11. Qc4 Qxc4 12. Bxc4 Nbd7 13. Nd2 0-0 14. f3 Rfc8 15. Bb3 b5 16. Bg5 h6 17. Bh4 b4 18. Nd1 d5 19. exd5 Bxd5 20. Ne3 Bxb3 21. Nxb3 Ng4 22. Nxg4 Bxh4+ 23. g3 Be7 24. 0-0-0 Rc7 25. Kb1 Nb6 26. a5 Nc4 27. Rhe1 f6 28. Ne3 Nxe3 29. Rxe3 Kf7 30. g4 h5 31. h3 hxg4 32. hxg4 Rh8 33. Re2 Rh3 34. Rd3 Rh1+ 35. Ka2 Rf1 36. Rg2 Ke6 37. Rgd2 Rc6 38. Re3 Kf7 39. Rd7 Rxc2 40. Red3 Rff2 41. Nd2 Ke6 42. Kb3 Rc6 43. Rb7 Bc5 44. Ne4 Rh2 45. Rdd7 Rh3 46. Nxc5+ Rxc5 47. Re7+ Kd5 48. Red7+ Ke6 49. Re7+ Kd5 50. Red7+ Ke6 1/2-1/2

[Event "Budapest SixDays 09 GM-A"]
[Site "Budapest"]
[Date "2023.09.23"]
[Round "9"]
[White "Ben Ari, Yannay"]
[Black "Nandhidhaa, PV."]
[Result "1-0"]
[WhiteElo "2432"]
[BlackElo "2316"]
[PlyCount "107"]
[EventDate "2023.09.18"]
[EventType "tourn"]
[EventRounds "9"]
[EventCountry "HUN"]
[EventCategory "7"]
[SourceTitle "EXT 2024"]
[Source "ChessBase"]
[SourceDate "2023.10.10"]
[SourceVersion "1"]
[SourceVersionDate "2023.10.10"]
[SourceQuality "1"]

1. g3 Nf6 2. Bg2 e5 3. c4 d5 4. cxd5 Nxd5 5. Nf3 Nc6 6. 0-0 Be7 7. d4 exd4 8. Nxd4 Nxd4 9. Qxd4 Nf6 10. Qa4+ c6 11. Rd1 Bd7 12. Nc3 0-0 13. Bg5 Qe8 14. Qb3 Rb8 15. Bf4 Be6 16. Qa4 Ra8 17. Rac1 Qc8 18. e4 Rd8 19. Nd5 Nxd5 20. exd5 Bg4 21. Re1 Bf6 22. dxc6 bxc6 23. Rxc6 Qd7 24. Qa5 Re8 25. Rcc1 Rxe1+ 26. Rxe1 Rc8 27. b4 h6 28. h4 Rc4 29. a3 Rc3 30. Be3 Bd4 31. Bxd4 Qxd4 32. Qd5 Qf6 33. Qa8+ Kh7 34. Qxa7 Bf3 35. Bxf3 Qxf3 36. a4 Rc4 37. b5 f5 38. b6 Rb4 39. a5 Rb2 40. b7 Rxb7 41. Qc5 Rb2 42. Ra1 f4 43. Qf5+ Kg8 44. Qxf4 Rxf2 45. Qxf3 Rxf3 46. a6 Rf8 47. a7 Ra8 48. h5 Kf7 49. Ra6 Ke7 50. Kg2 Kd8 51. Kh3 Kc8 52. Kg4 Kb7 53. Ra2 Kb6 54. Kf5 1-0

[Event "Budapest SixDays 09 GM-A"]
[Site "Budapest"]
[Date "2023.09.19"]
[Round "3"]
[White "Ben Ari, Yannay"]
[Black "Bora, Safal"]
[Result "1-0"]
[WhiteElo "2432"]
[BlackElo "2476"]
[PlyCount "75"]
[EventDate "2023.09.18"]
[EventType "tourn"]
[EventRounds "9"]
[EventCountry "HUN"]
[EventCategory "7"]
[SourceTitle "EXT 2024"]
[Source "ChessBase"]
[SourceDate "2023.10.10"]
[SourceVersion "1"]
[SourceVersionDate "2023.10.10"]
[SourceQuality "1"]

1. Nf3 Nf6 2. c4 e6 3. Nc3 d5 4. e3 dxc4 5. Bxc4 a6 6. a4 b6 7. e4 Bb7 8. e5 Nd5 9. d4 Be7 10. 0-0 0-0 11. Qe2 c5 12. Rd1 Nxc3 13. bxc3 cxd4 14. Nxd4 Qc7 15. Bxe6 fxe6 16. Nxe6 Qc6 17. Qg4 Rf7 18. Nd8 h5 19. Qh3 Bxd8 20. Rxd8+ Rf8 21. Rxf8+ Kxf8 22. Ba3+ Kg8 23. e6 Qe4 24. f3 Qe3+ 25. Kh1 Bc8 26. Qh4 Nc6 27. Re1 Qxc3 28. Qe4 Qd2 29. h4 Bb7 30. e7 Re8 31. Qe6+ Kh8 32. Re2 Qd1+ 33. Kh2 Qxa4 34. Qf7 Nxe7 35. Bxe7 Kh7 36. Re5 Bxf3 37. gxf3 Qa2+ 38. Qxa2 1-0

[Event "ISR-ch U20"]
[Site "Ramat Hasharon"]
[Date "2023.08.02"]
[Round "1"]
[White "Blonder, Daniel"]
[Black "Ben Ari, Yannay"]
[Result "0-1"]
[WhiteElo "1824"]
[BlackElo "2424"]
[PlyCount "56"]
[EventDate "2023.08.02"]
[EventType "swiss"]
[EventRounds "9"]
[EventCountry "ISR"]
[SourceTitle "EXT 2024"]
[Source "ChessBase"]
[SourceDate "2023.10.10"]
[SourceVersion "1"]
[SourceVersionDate "2023.10.10"]
[SourceQuality "1"]

1. e4 g6 2. d4 Bg7 3. Nc3 a6 4. f4 b5 5. Nf3 Bb7 6. Bd3 d6 7. 0-0 Nd7 8. a4 b4 9. Ne2 c5 10. c3 a5 11. Ng3 Qb6 12. Be3 Ngf6 13. Kh1 h5 14. e5 Ng4 15. Bg1 h4 16. Ne4 h3 17. Neg5 hxg2+ 18. Kxg2 dxe5 19. fxe5 Rxh2+ 20. Kg3 Rxb2 21. Kxg4 0-0-0 22. cxb4 Nxe5+ 23. dxe5 Qxb4+ 24. Bd4 Bxe5 25. Bc2 Bxd4 26. Kh3 Rh8+ 27. Kg3 Be3 28. Nh3 f5 0-1

[Event "Jupiter FISCA"]
[Site "Jupiter"]
[Date "2023.06.17"]
[Round "1"]
[White "Bonte, Andrei Mihai"]
[Black "Ben Ari, Yannay"]
[Result "0-1"]
[WhiteElo "2334"]
[BlackElo "2413"]
[PlyCount "58"]
[EventDate "2023.06.17"]
[EventType "tourn"]
[EventRounds "9"]
[EventCountry "ROU"]
[EventCategory "7"]
[SourceTitle "CBM 214 Extra"]
[Source "ChessBase"]
[SourceDate "2023.07.31"]
[SourceVersion "1"]
[SourceVersionDate "2023.07.31"]
[SourceQuality "1"]

1. d4 Nf6 2. Nf3 c5 3. e3 g6 4. dxc5 Qa5+ 5. Bd2 Qxc5 6. c4 Bg7 7. Bc3 0-0 8. Nbd2 b6 9. Be2 Bb7 10. 0-0 d6 11. b4 Qc7 12. Qb3 Nbd7 13. Rfc1 Rfc8 14. Bb2 Qd8 15. a3 e6 16. Bc3 Qe7 17. Qb2 Rc7 18. a4 e5 19. a5 Re8 20. axb6 axb6 21. Bf1 Rec8 22. Qb3 Nf8 23. Bb2 Ne6 24. Rd1 h5 25. Nb1 Ne4 26. Na3 Qf6 27. Nb5 N6g5 28. Nxc7 Nxf3+ 29. gxf3 Nd2 0-1

[Event "Ramat Gan Lag BaOmer op"]
[Site "Ramat Gan"]
[Date "2023.05.08"]
[Round "1"]
[White "Ben Ari, Yannay"]
[Black "Azoulay, Yehonatan"]
[Result "1-0"]
[WhiteElo "2410"]
[BlackElo "1813"]
[PlyCount "69"]
[EventDate "2023.05.08"]
[EventType "swiss (rapid)"]
[EventRounds "5"]
[EventCountry "ISR"]
[SourceTitle "CBM 214 Extra"]
[Source "ChessBase"]
[SourceDate "2023.07.31"]
[SourceVersion "1"]
[SourceVersionDate "2023.07.31"]
[SourceQuality "1"]

1. Nf3 Nf6 2. b3 g6 3. Bb2 Bg7 4. c4 0-0 5. g3 d6 6. d4 Nbd7 7. Bg2 c6 8. 0-0 Re8 9. Nc3 Qc7 10. Qc2 e5 11. e4 Nf8 12. h3 a5 13. Rad1 Bd7 14. dxe5 dxe5 15. Na4 c5 16. Nc3 Ne6 17. Nd5 Nxd5 18. cxd5 Nd8 19. d6 Qc6 20. Rd5 f6 21. Rxc5 Qxd6 22. Rd1 Qe6 23. Bf1 b5 24. Rxd7 Qxd7 25. Bxb5 Qe7 26. Rc7 Qf8 27. Ba3 Qxa3 28. Bxe8 Kh8 29. Qc4 Qd6 30. Kg2 Qe6 31. Qb5 a4 32. Nh4 a3 33. Bxg6 hxg6 34. Nxg6+ Kh7 35. Nf8+ 1-0

[Event "EU-ch 23rd"]
[Site "Vrnjacka Banja"]
[Date "2023.03.13"]
[Round "11"]
[White "Ben Ari, Yannay"]
[Black "Goriachkina, Oksana"]
[Result "1-0"]
[WhiteElo "2411"]
[BlackElo "1759"]
[PlyCount "83"]
[EventDate "2023.03.03"]
[EventType "swiss"]
[EventRounds "11"]
[EventCountry "SRB"]
[SourceTitle "CBM 213"]
[Source "ChessBase"]
[SourceDate "2023.04.30"]
[SourceVersion "1"]
[SourceVersionDate "2023.04.30"]
[SourceQuality "1"]

1. d4 d5 2. c4 c6 3. Nf3 Nf6 4. Nc3 e6 5. e3 Nbd7 6. Qc2 a6 7. b3 Bd6 8. Be2 0-0 9. 0-0 Re8 10. Rd1 Qc7 11. Bb2 b6 12. e4 dxe4 13. Nxe4 Nxe4 14. Qxe4 Nf6 15. Qc2 Bb7 16. c5 bxc5 17. dxc5 Be7 18. Be5 Qc8 19. Ng5 h6 20. Ne4 Nxe4 21. Qxe4 Rd8 22. Qg4 Bf8 23. Rxd8 Qxd8 24. Qb4 Qd5 25. Bg3 Bc8 26. Rc1 a5 27. Qc3 Bb7 28. h4 Qf5 29. Bf3 g5 30. hxg5 Bg7 31. Qd2 Qxg5 32. Bf4 Qf6 33. Rd1 e5 34. Be3 Rc8 35. Qd7 Ba6 36. Rd6 Qh4 37. Be2 Bxe2 38. Qxc8+ Kh7 39. Qf5+ Kg8 40. g3 Qb4 41. Rd8+ Bf8 42. Bxh6 1-0

[Event "EU-ch 23rd"]
[Site "Vrnjacka Banja"]
[Date "2023.03.05"]
[Round "3"]
[White "Ahmad, Khagan"]
[Black "Ben Ari, Yannay"]
[Result "1-0"]
[WhiteElo "2220"]
[BlackElo "2411"]
[PlyCount "92"]
[EventDate "2023.03.03"]
[EventType "swiss"]
[EventRounds "11"]
[EventCountry "SRB"]
[SourceTitle "CBM 213"]
[Source "ChessBase"]
[SourceDate "2023.04.30"]
[SourceVersion "1"]
[SourceVersionDate "2023.04.30"]
[SourceQuality "1"]

1. e4 c5 2. Nf3 d6 3. d4 cxd4 4. Nxd4 Nf6 5. Nc3 a6 6. Be3 e5 7. Nb3 Be6 8. f3 Nbd7 9. Qd2 Be7 10. 0-0-0 0-0 11. g4 b5 12. g5 Nh5 13. Kb1 Nb6 14. Na5 Rc8 15. Nd5 Nxd5 16. exd5 Bxd5 17. Qxd5 Qxa5 18. c4 Qd8 19. Rg1 Nf4 20. Bxf4 exf4 21. cxb5 axb5 22. Bxb5 Qb6 23. Bd3 g6 24. Qe4 Rb8 25. b3 Rfe8 26. Bc4 Bf8 27. Qxf4 Qa7 28. Rg2 Re5 29. h4 Rbe8 30. Rgd2 Rf5 31. Qd4 Qc7 32. Bd5 Rfe5 33. Qc4 Qa7 34. a4 Bg7 35. Rc2 R5e7 36. Ka2 Qa5 37. h5 gxh5 38. f4 Re1 39. Bxf7+ Kh8 40. Bxh5 Rf8 41. Be2 d5 42. Qd3 Rxf4 43. Rc8+ Rf8 44. Rcc1 Rxd1 45. Bxd1 Rf2+ 46. Rc2 Rf4 1-0

[Event "ISR-chT"]
[Site "Israel"]
[Date "2023.01.21"]
[Round "4.5"]
[White "Ben Ari, Yannay"]
[Black "Maryasin, Boris Feliksovich"]
[Result "1/2-1/2"]
[WhiteElo "2406"]
[BlackElo "2277"]
[PlyCount "112"]
[EventDate "2023.01.11"]
[EventType "team-tourn"]
[EventRounds "11"]
[EventCountry "ISR"]
[SourceTitle "CBM 212 Extra"]
[Source "ChessBase"]
[SourceDate "2023.03.31"]
[SourceVersion "1"]
[SourceVersionDate "2023.03.31"]
[SourceQuality "1"]
[WhiteTeam "Ramat Gan II"]
[BlackTeam "Ashdod II"]
[WhiteTeamCountry "ISR"]
[BlackTeamCountry "ISR"]

1. e4 c5 2. Nf3 e6 3. g3 Nc6 4. Bg2 Nf6 5. Qe2 d5 6. exd5 Nxd5 7. 0-0 Be7 8. Rd1 Bf6 9. Nc3 Nxc3 10. dxc3 Qe7 11. Qb5 Bd7 12. Qxb7 Rb8 13. Qc7 Rc8 14. Qd6 Qxd6 15. Rxd6 Ke7 16. Rd1 Rb8 17. Ng5 Ne5 18. Ne4 Rhc8 19. f4 Ng6 20. b3 Bc6 21. Nxf6 gxf6 22. c4 h5 23. Be3 Bxg2 24. Kxg2 f5 25. Rd3 Rc7 26. Rad1 h4 27. a4 hxg3 28. hxg3 Nf8 29. a5 Rbc8 30. Bc1 Nd7 31. Bb2 Rg8 32. Kf3 Rgc8 33. Rh1 Rg8 34. Rhd1 Rgc8 35. Bc3 Rg8 36. Kg2 Rgc8 37. Rd6 Rg8 38. Kf3 Rgc8 39. g4 fxg4+ 40. Kxg4 f6 41. a6 Nb8 42. f5 Rc6 43. R6d2 Rxa6 44. Rh2 Rg8+ 45. Kf3 Rg7 46. fxe6 Rxe6 47. Rd5 Nd7 48. Kf4 Rc6 49. Rh1 Nf8 50. Re1+ Ne6+ 51. Ke3 Rg2 52. Rf1 Nc7 53. Rdf5 Re6+ 54. Kd3 Rd6+ 55. Ke3 Re6+ 56. Kd3 Rd6+ 1/2-1/2

[Event "ISR-chT"]
[Site "Israel"]
[Date "2023.01.14"]
[Round "1.6"]
[White "Kochavi, Ori"]
[Black "Ben Ari, Yannay"]
[Result "0-1"]
[WhiteElo "2396"]
[BlackElo "2406"]
[PlyCount "84"]
[EventDate "2023.01.11"]
[EventType "team-tourn"]
[EventRounds "11"]
[EventCountry "ISR"]
[SourceTitle "CBM 212 Extra"]
[Source "ChessBase"]
[SourceDate "2023.03.31"]
[SourceVersion "1"]
[SourceVersionDate "2023.03.31"]
[SourceQuality "1"]
[WhiteTeam "Ramat Gan Etude"]
[BlackTeam "Ramat Gan II"]
[WhiteTeamCountry "ISR"]
[BlackTeamCountry "ISR"]

1. e4 c5 2. Nf3 d6 3. d4 cxd4 4. Nxd4 Nf6 5. Nc3 a6 6. Be3 e5 7. Nf3 Be7 8. Bc4 Be6 9. Bb3 Nbd7 10. 0-0 Rc8 11. Qd3 Qc7 12. a4 0-0 13. Nh4 Rfd8 14. Nd5 Bxd5 15. exd5 Nc5 16. Bxc5 Qxc5 17. Nf5 Bf8 18. Rad1 Qb4 19. Rfe1 Re8 20. Qf3 g6 21. Ng3 Bg7 22. Ne4 Nxe4 23. Qxe4 Qa5 24. c3 f5 25. Qc2 e4 26. Ba2 h5 27. Qb3 b5 28. axb5 axb5 29. Bb1 Qb6 30. Re2 h4 31. h3 Be5 32. Qc2 Bf4 33. Qb3 Kh7 34. Rde1 Qc5 35. Rd1 Kh6 36. Kf1 Ra8 37. Rde1 Ra4 38. Bd3 exd3 39. Rxe8 Bg3 40. R8e3 d2 41. fxg3 dxe1Q+ 42. Rxe1 hxg3 0-1

[Event "Wch U18"]
[Site "Mamaia"]
[Date "2022.09.16"]
[Round "11"]
[White "Ben Ari, Yannay"]
[Black "Czernek, Tymon"]
[Result "1/2-1/2"]
[WhiteElo "2392"]
[BlackElo "2303"]
[PlyCount "88"]
[EventDate "2022.09.06"]
[EventType "swiss"]
[EventRounds "11"]
[EventCountry "ROU"]
[SourceTitle "CBM 210 Extra"]
[Source "ChessBase"]
[SourceDate "2022.11.30"]
[SourceVersion "1"]
[SourceVersionDate "2022.11.30"]
[SourceQuality "1"]

1. e4 c5 2. Nf3 d6 3. d4 cxd4 4. Nxd4 Nf6 5. Nc3 a6 6. h3 e5 7. Nf3 b5 8. a4 b4 9. Nd5 Bb7 10. Bc4 Be7 11. Nxf6+ Bxf6 12. Bd5 Qc7 13. Bxb7 Qxb7 14. Qxd6 Qxe4+ 15. Be3 Nc6 16. 0-0-0 Rd8 17. Qc5 Rc8 18. Nd2 Qg6 19. Nc4 Be7 20. Nd6+ Bxd6 21. Qxd6 Qxd6 22. Rxd6 0-0 23. Bb6 f5 24. Rhd1 e4 25. g3 Ne5 26. Bd4 Nc6 27. Be3 Ne5 28. Rxa6 b3 29. c3 Nd3+ 30. Kb1 Ra8 31. Rb6 Rfb8 32. a5 Rxb6 33. axb6 Kf7 34. Bf4 Nxf4 35. gxf4 Rb8 36. Rd7+ Ke6 37. Rxg7 Rxb6 38. Rxh7 Kd5 39. Rf7 Kc4 40. Rxf5 Kd3 41. Rd5+ Ke2 42. Re5 Rg6 43. Rxe4+ Kd2 44. Rd4+ Ke2 1/2-1/2